[Event "Verbandsliga Suedbaden 2324"]
[Site "Baden"]
[Date "2024.01.21"]
[Round "5.7"]
[White "Kresovic, Velimir"]
[Black "Gaudin, Frederic"]
[Result "1-0"]
[WhiteElo "2059"]
[BlackElo "1914"]
[PlyCount "117"]
[EventDate "2023.09.24"]
[EventType "team-tourn"]
[EventRounds "9"]
[EventCountry "GER"]
[SourceTitle "EXT 2025"]
[Source "ChessBase"]
[SourceDate "2024.10.14"]
[SourceVersion "1"]
[SourceVersionDate "2024.10.14"]
[SourceQuality "1"]
[WhiteTeam "Kuppenheim"]
[BlackTeam "Sasbach"]
[WhiteTeamCountry "GER"]
[BlackTeamCountry "GER"]

1. e4 c5 2. Nf3 Nc6 3. d4 cxd4 4. Nxd4 Nf6 5. Nc3 e5 6. Ndb5 d6 7. Bg5 a6 8. Na3 Be7 9. Bxf6 gxf6 10. Nc4 b5 11. Ne3 Be6 12. Ncd5 Rb8 13. c3 Qd7 14. Qf3 0-0 15. Nxf6+ Bxf6 16. Qxf6 Ne7 17. h4 Rfc8 18. h5 Kf8 19. Qh6+ Ke8 20. Qxh7 Qc6 21. Bd3 b4 22. c4 Kd7 23. Qg7 Rg8 24. Qf6 Qc5 25. Rd1 Nc6 26. 0-0 Nd4 27. Rfe1 Kc6 28. Rc1 a5 29. Kf1 Rh8 30. Qh4 Rbg8 31. Be2 Kb7 32. Qe7+ Ka6 33. Bd1 Re8 34. Qf6 Reg8 35. Nd5 Rh7 36. Re3 Rgg7 37. a3 b3 38. Rcc3 a4 39. Nb4+ Ka7 40. Qe7+ Kb6 41. Qd8+ Ka7 42. Nd5 Kb7 43. Qe8 Nc6 44. Be2 Bc8 45. Rxb3+ axb3 46. Rxb3+ Ka7 47. Qxc8 f5 48. Rb5 Rxh5 49. Bxh5 Qxc4+ 50. Ke1 Qxb5 51. Be8 Rxg2 52. Qc7+ Qb7 53. Qxb7+ Kxb7 54. exf5 Rg8 55. Bxc6+ Ka6 56. f6 Rc8 57. f7 Rh8 58. Be8 Kb7 59. Ne7 1-0